[Event "World op 50th"]
[Site "Philadelphia"]
[Date "2022.07.02"]
[Round "4"]
[White "Dragun, Kamil"]
[Black "Vo, Thi Kim Phung"]
[Result "1-0"]
[WhiteElo "2563"]
[BlackElo "2333"]
[PlyCount "99"]
[EventDate "2022.06.30"]
[EventType "swiss"]
[EventRounds "9"]
[EventCountry "USA"]
[SourceTitle "CBM 209 Extra"]
[Source "ChessBase"]
[SourceDate "2022.09.30"]
[SourceVersion "1"]
[SourceVersionDate "2022.09.30"]
[SourceQuality "1"]

1. e4 e6 2. d4 d5 3. e5 c5 4. c3 Nc6 5. Nf3 Bd7 6. Be2 Nge7 7. Na3 cxd4 8. cxd4 Ng6 9. h4 Bb4+ 10. Kf1 h6 11. Nc2 Be7 12. h5 Nh4 13. Nxh4 Bxh4 14. Bd3 Be7 15. Qg4 Bf8 16. Rh3 Qb6 17. Rf3 Nd8 18. a4 Rc8 19. b4 Rc3 20. Bd2 Rb3 21. Kg1 Qc7 22. Rc1 Rxd3 23. Rxd3 Bxa4 24. Ne1 Qb6 25. Rdc3 Bb5 26. Nd3 Bxd3 27. Rxd3 Nc6 28. Rdc3 a6 29. Be3 Kd7 30. Bd2 Ke8 31. Rd3 Kd7 32. Rf3 Nd8 33. Rfc3 Nc6 34. Qf4 Ke8 35. Rf3 Qc7 36. Rb1 Nd8 37. Rc3 Qb6 38. b5 Be7 39. Qg4 Kf8 40. Rg3 Rh7 41. Bxh6 Rxh6 42. Qxg7+ Ke8 43. Qxh6 Qxd4 44. Qe3 Qc4 45. h6 Bc5 46. h7 Bxe3 47. h8Q+ Kd7 48. Rxe3 axb5 49. Reb3 d4 50. Rxb5 1-0

[Event "Speed Chess (Women) Q2"]
[Site "Chess.com INT"]
[Date "2022.05.26"]
[Round "6"]
[White "Maltsevskaya, Aleksandra"]
[Black "Vo, Thi Kim Phung"]
[Result "0-1"]
[WhiteElo "2396"]
[BlackElo "2340"]
[PlyCount "78"]
[EventDate "2022.05.26"]
[EventType "swiss (blitz)"]
[EventRounds "14"]
[EventCountry "USA"]
[SourceTitle "CBM 208 Extra"]
[Source "ChessBase"]
[SourceDate "2022.07.31"]
[SourceVersion "1"]
[SourceVersionDate "2022.07.31"]
[SourceQuality "1"]

1. e4 e6 2. d3 d5 3. Nd2 Nf6 4. g3 c5 5. Bg2 Nc6 6. Ngf3 Be7 7. 0-0 b5 8. exd5 exd5 9. c4 a6 10. cxd5 Nxd5 11. d4 c4 12. a4 Rb8 13. axb5 axb5 14. Ne4 0-0 15. h3 Ncb4 16. Nc5 h6 17. g4 Qc7 18. Bd2 Bxc5 19. dxc5 Nd3 20. Ne1 N3f4 21. Bxd5 Nxd5 22. Bxh6 Qxc5 23. Bd2 Bb7 24. Ng2 Rfd8 25. Qe2 b4 26. Be3 Nxe3 27. Qxe3 Qc6 28. f3 Rd3 29. Qf4 Rbd8 30. Rae1 c3 31. bxc3 bxc3 32. Ne3 Qc5 33. Kh2 c2 34. Nf5 Rd1 35. Kg3 c1Q 36. Rxd1 Rxd1 37. Qb8+ Kh7 38. Qxb7 Qc7+ 39. Qxc7 Qxc7+ 0-1

[Event "Speed Chess (Women) Q2"]
[Site "Chess.com INT"]
[Date "2022.05.26"]
[Round "13"]
[White "Nurmanova, Alua"]
[Black "Vo, Thi Kim Phung"]
[Result "0-1"]
[WhiteElo "2194"]
[BlackElo "2340"]
[PlyCount "140"]
[EventDate "2022.05.26"]
[EventType "swiss (blitz)"]
[EventRounds "14"]
[EventCountry "USA"]
[SourceTitle "CBM 208 Extra"]
[Source "ChessBase"]
[SourceDate "2022.07.31"]
[SourceVersion "1"]
[SourceVersionDate "2022.07.31"]
[SourceQuality "1"]

1. e4 e6 2. d4 d5 3. Nc3 Nf6 4. e5 Nfd7 5. f4 c5 6. Nf3 Nc6 7. Be3 Be7 8. Qd2 c4 9. f5 Nb6 10. fxe6 Bxe6 11. Be2 0-0 12. 0-0 Qd7 13. Bd1 f6 14. exf6 Bxf6 15. Ne2 Bf5 16. Ng3 Bg6 17. c3 Rae8 18. h4 Bd3 19. Rf2 Bd8 20. Bf4 h6 21. h5 Bc7 22. Bxc7 Qxc7 23. Nf1 Nd7 24. Bc2 Bxc2 25. Qxc2 Nf6 26. Qf5 Qd6 27. Qg6 Ne7 28. Qg3 Nf5 29. Qxd6 Nxd6 30. Ng3 Nfe4 31. Nxe4 Nxe4 32. Re2 Ng3 33. Re5 Rxe5 34. dxe5 Nxh5 35. Rd1 Nf4 36. Rd2 Nd3 37. b3 Re8 38. bxc4 dxc4 39. Re2 a6 40. a4 b6 41. Re4 Nb2 42. Kf2 Rc8 43. Nd2 Nxa4 44. Rxc4 Rxc4 45. Nxc4 b5 46. Nd6 Nxc3 47. Ke3 Nd5+ 48. Kd4 Nf4 49. Kc5 Nxg2 50. Kc6 Nf4 51. Kd7 Nd3 52. Ke6 b4 53. Nc4 b3 54. Kf5 b2 55. Nd2 a5 56. Ke4 Nxe5 57. Kxe5 a4 58. Kd4 a3 59. Kc3 g5 60. Kb3 g4 61. Kxa3 b1Q 62. Nxb1 h5 63. Nd2 h4 64. Ne4 g3 65. Ng5 Kg7 66. Kb3 Kg6 67. Nf3 h3 68. Nh4+ Kh5 69. Nf3 h2 70. Nxh2 gxh2 0-1

[Event "Speed Chess (Women) Q2"]
[Site "Chess.com INT"]
[Date "2022.05.26"]
[Round "12"]
[White "Vo, Thi Kim Phung"]
[Black "Alinasab, Mobina"]
[Result "1-0"]
[WhiteElo "2340"]
[BlackElo "2373"]
[PlyCount "71"]
[EventDate "2022.05.26"]
[EventType "swiss (blitz)"]
[EventRounds "14"]
[EventCountry "USA"]
[SourceTitle "CBM 208 Extra"]
[Source "ChessBase"]
[SourceDate "2022.07.31"]
[SourceVersion "1"]
[SourceVersionDate "2022.07.31"]
[SourceQuality "1"]

1. d4 d5 2. c4 e6 3. Nc3 c5 4. cxd5 exd5 5. Nf3 Nf6 6. Bg5 Be6 7. e3 c4 8. Be2 Bb4 9. 0-0 0-0 10. Ne5 h6 11. Bxf6 Qxf6 12. f4 Bxc3 13. bxc3 Bf5 14. Bf3 Rd8 15. Qe2 Nc6 16. Bxd5 Rxd5 17. e4 Bxe4 18. Qxe4 Qe6 19. f5 Rxe5 20. dxe5 Qxe5 21. Qxc4 Qf6 22. Rad1 b6 23. Rd7 Ne5 24. Qd5 Rc8 25. Rd6 Qe7 26. f6 gxf6 27. Rdxf6 Rc5 28. Qd2 Kg7 29. Qxh6+ Kg8 30. Qg5+ Kf8 31. Qh4 Ng6 32. Qh6+ Kg8 33. Rxf7 Qxf7 34. Rxf7 Kxf7 35. Qh7+ Kf6 36. Qxa7 1-0

[Event "Speed Chess (Women) Q2"]
[Site "Chess.com INT"]
[Date "2022.05.26"]
[Round "5"]
[White "Yakubbaeva, Nilufar"]
[Black "Vo, Thi Kim Phung"]
[Result "1/2-1/2"]
[WhiteElo "2327"]
[BlackElo "2340"]
[PlyCount "105"]
[EventDate "2022.05.26"]
[EventType "swiss (blitz)"]
[EventRounds "14"]
[EventCountry "USA"]
[SourceTitle "CBM 208 Extra"]
[Source "ChessBase"]
[SourceDate "2022.07.31"]
[SourceVersion "1"]
[SourceVersionDate "2022.07.31"]
[SourceQuality "1"]

1. d4 Nf6 2. g3 e6 3. Bg2 d5 4. Nf3 c5 5. c3 Nc6 6. 0-0 Be7 7. dxc5 Bxc5 8. b4 Bb6 9. Nbd2 0-0 10. Bb2 a6 11. a3 Bc7 12. c4 Qe7 13. Rc1 Rd8 14. Qb3 dxc4 15. Nxc4 e5 16. Rfd1 Bg4 17. a4 Rxd1+ 18. Rxd1 e4 19. Nd4 Nxd4 20. Bxd4 b5 21. Nd2 Rd8 22. Bxf6 gxf6 23. Nxe4 Bxe2 24. Re1 Bc4 25. Qf3 Kg7 26. Rd1 Qxe4 27. Qxe4 Rxd1+ 28. Bf1 Rxf1+ 29. Kg2 h5 30. axb5 axb5 31. Qe3 Be5 32. f4 Bd6 33. Qd2 Be7 34. g4 hxg4 35. Qd7 Bxb4 36. Qxg4+ Kh7 37. Qh3+ Kg8 38. Qc8+ Bf8 39. Qg4+ Kh7 40. Qf5+ Kg7 41. Qg4+ Kh8 42. Qh3+ Kg8 43. Qg4+ Bg7 44. Qc8+ Kh7 45. Qf5+ Kh8 46. Qh3+ Kg8 47. Qc8+ Kh7 48. Qf5+ Kh6 49. Qh3+ Kg6 50. Qg4+ Kh6 51. Qh3+ Kg6 52. Qg4+ Kh7 53. Qf5+ 1/2-1/2